Core Java (Record no. 13362)

MARC details
000 -LEADER
fixed length control field 00374nam a22001697a 4500
003 - CONTROL NUMBER IDENTIFIER
control field OSt
008 - FIXED-LENGTH DATA ELEMENTS--GENERAL INFORMATION
fixed length control field 250421b |||||||| |||| 00| 0 eng d
020 ## - INTERNATIONAL STANDARD BOOK NUMBER
International Standard Book Number 9789386551979
082 ## - DEWEY DECIMAL CLASSIFICATION NUMBER
Classification number 005.133 RAC
100 ## - MAIN ENTRY--PERSONAL NAME
Personal name RAI,Som Prakash
245 ## - TITLE STATEMENT
Title Core Java
250 ## - EDITION STATEMENT
Edition statement 1st Rep Ed
260 ## - PUBLICATION, DISTRIBUTION, ETC. (IMPRINT)
Place of publication, distribution, etc New Delhi
Name of publisher, distributor, etc BPB
Date of publication, distribution, etc 2025
300 ## - PHYSICAL DESCRIPTION
Extent 575
650 ## - SUBJECT ADDED ENTRY--TOPICAL TERM
Topical term or geographic name as entry element Core Java
942 ## - ADDED ENTRY ELEMENTS (KOHA)
Source of classification or shelving scheme Dewey Decimal Classification
Koha item type Text Books
Holdings
Withdrawn status Lost status Source of classification or shelving scheme Damaged status Not for loan Collection code Home library Current library Date acquired Source of acquisition Currency Cost, normal purchase price Bill Number Total Checkouts Full call number Acc. no. / Barcode Date last seen Actual Cost, discounted price Bill Date Koha item type Date last borrowed Checked out
    Dewey Decimal Classification     BCA PIET C-LIBRARY PIET C-LIBRARY 11/04/2025 Zaffa Books INR 899.00 ZBD0028   005.133 RAC BC2611 21/04/2025 656.27 11/04/2025 Reference Books    
    Dewey Decimal Classification     BCA PIET C-LIBRARY PIET C-LIBRARY 11/04/2025 Zaffa Books INR 899.00 ZBD0028 2 005.133 RAC BC2612 23/09/2025 656.27 11/04/2025 Text Books 09/09/2025  
    Dewey Decimal Classification     BCA PIET C-LIBRARY PIET C-LIBRARY 11/04/2025 Zaffa Books INR 899.00 ZBD0028 2 005.133 RAC BC2613 30/12/2025 656.27 11/04/2025 Text Books 29/12/2025  
    Dewey Decimal Classification     BCA PIET C-LIBRARY PIET C-LIBRARY 11/04/2025 Zaffa Books INR 899.00 ZBD0028 3 005.133 RAC BC2614 26/11/2025 656.27 11/04/2025 Text Books 13/11/2025  
    Dewey Decimal Classification     BCA PIET C-LIBRARY PIET C-LIBRARY 11/04/2025 Zaffa Books INR 899.00 ZBD0028 2 005.133 RAC BC2615 14/01/2026 656.27 11/04/2025 Text Books 14/01/2026 03/08/2026

Design & Developed by: PIET Central Library
R70 Miles Stone Pattikalyana Samalkha Panipat 132102
mail ID :- [email protected], Phone No:- 0180-2569700 Ex.216